Statistiche per Nazionali vincitrici dei Mondiali di calcio

Clicka qui per fare il quiz!

Statistiche generali

  • Questo quiz è stato fatto 2.567 volte
  • Il punteggio medio è 20 su 21

Statistiche sulle risposte

AnnoSquadraAllenatore% Corretto
1994BrasileCarlos Alberto Parreira
100%
1958BrasileVicente Feola
100%
1962BrasileAymoré Moreira
100%
1970BrasileMàrio Zagallo
100%
2002BrasileLuiz Felipe Scolari
100%
2018FranciaDidier Deschamps
100%
1998FranciaAimé Jacquet
100%
2014GermaniaJoachim Low
100%
1938ItaliaVittorio Pozzo
100%
2006ItaliaMarcello Lippi
100%
1934ItaliaVittorio Pozzo
100%
1982ItaliaEnzo Bearzot
100%
2010SpagnaVicente del Bosque
99%
1978ArgentinaCesar Luis Menotti
98%
1986ArgentinaCarlos Bilardo
98%
1966InghilterraAlf Ramsey
93%
1950UruguayJuan Lopez Fontana
93%
1930UruguayAlberto Horacio Suppici
93%
1990Germania OvestFranz Beckenbauer
71%
1974Germania OvestHelmut Schon
71%
1954Germania OvestSepp Herberger
71%

Distribuzione punteggi

Percentile per numero di risposta

Percentuale di utenti per punteggio

I tuoi punteggi nel tempo

Non hai fatto questo quiz